Focus (Record no. 77153)

MARC details
000 -LEADER
fixed length control field 00796cab a2200229 4500
001 - CONTROL NUMBER
control field ##L133682
008 - FIXED-LENGTH DATA ELEMENTS--GENERAL INFORMATION
fixed length control field 060601n2006 000 0 eng u
035 ## - SYSTEM CONTROL NUMBER
System control number (Sirsi) u133682
041 0# - LANGUAGE CODE
Language code of text/sound track or separate title eng
100 1# - MAIN ENTRY--PERSONAL NAME
Personal name Adshead, Antony
245 00 - TITLE STATEMENT
Title Focus
Remainder of title Yorkshire industrial and distribution
260 ## - PUBLICATION, DISTRIBUTION, ETC.
Date of publication, distribution, etc. 2006
490 #0 - SERIES STATEMENT
Series statement Estates Gazette
Volume/sequential designation (0621) 27 May 2006, 93-109(7)
520 ## - SUMMARY, ETC.
Summary, etc. Looks at transport infrastructure in Leeds, focusing on the proposed superbus; speculative shed development in the south and west of Yorkshire; and the market for large distribution facilities.
590 ## - LOCAL NOTE (RLIN)
Local note IKA060606
651 #4 - SUBJECT ADDED ENTRY--GEOGRAPHIC NAME
Geographic name YORKSHIRE
651 #4 - SUBJECT ADDED ENTRY--GEOGRAPHIC NAME
Geographic name LEEDS
690 ## - LOCAL SUBJECT ADDED ENTRY--TOPICAL TERM (OCLC, RLIN)
Topical term or geographic name as entry element PROPERTY-COMMERCIAL PROPERTY-COMMERCIAL PROPERTY MARKET
700 1# - ADDED ENTRY--PERSONAL NAME
Personal name Cunningham, Daniel
700 1# - ADDED ENTRY--PERSONAL NAME
Personal name Jack, Simon
942 ## - ADDED ENTRY ELEMENTS (KOHA)
Suppress in OPAC 0
Holdings
Withdrawn status Lost status Source of classification or shelving scheme Damaged status Not for loan Home library Current library Shelving location Date acquired Total Checkouts Full call number Barcode Date last seen Copy number Price effective from Koha item type
    Dewey Decimal Classification     London London Journal article 01/06/2006   L133682 133682-1001 06/08/2019 1 06/08/2019 Journal article